000 01392nam a2200229Ia 4500
003 Ost
005 20260507075552.0
008 260507s9999||||xx |||||||||||||| ||und||
040 _cfsecg
041 _aara
082 _a657.46
100 _aبدوي ، محمد عباس
_eمؤلف
245 0 _aمقدمة في المحاسبة المالية وفقا لمعايير المحاسبة المصرية و الدولية /
_c محمد عباس بدوي
260 _aالاسكندرية:
_bالمكتب الجامعي الحديث,
_c2006
300 _a415 صفحة؛
_bإيضاحات ؛
_c24 سم
520 _aالمحاسبة عن عمليات تصنيع المنتج ، وورقة العمل و القوائم المالية للمشروع الصناعي و جرد و تسوية كل من النقدية و أوراق القبض و العملاء و المخزون و جرد الأصول الثابتة و جرد و تسوية الخصوم و كذا تناول اليوميات المساعدة و الحسابات الاجمالية و أخيرا الأخطاء المحاسبية و كيفية معالجتها.
653 _aالمالية العامة
653 _aالمحاسبة التحليلية
700 _aعثمان، الأميرة إبراهيم
_eمؤلف ثانوي
700 _aعلي، عبد الوهاب نصر
_eمؤلف ثانوي
942 _cكتاب
999 _c44923
_d44923